[Event "GER-ch U25-B"]
[Site "Willingen"]
[Date "2019.06.15"]
[Round "9"]
[White "Puls, Luisa"]
[Black "Lohrmann, Tabea"]
[Result "1/2-1/2"]
[WhiteElo "1465"]
[BlackElo "1549"]
[PlyCount "120"]
[EventDate "2019.06.08"]
[EventType "swiss"]
[EventRounds "9"]
[EventCountry "GER"]
[SourceTitle "EXT 2020"]
[Source "ChessBase"]
[SourceDate "2019.10.17"]
[SourceVersion "1"]
[SourceVersionDate "2019.10.17"]
[SourceQuality "1"]

1. e4 e5 2. Nf3 Nc6 3. Nc3 Bc5 4. Nxe5 Nxe5 5. d4 Bd6 6. dxe5 Bxe5 7. Bc4 Ne7 8. 0-0 c6 9. Re1 0-0 10. Bg5 h6 11. Bh4 d6 12. Qd2 Qc7 13. Rad1 Ng6 14. Bg3 Bxg3 15. hxg3 Rd8 16. Kh1 Ne5 17. Bd3 Ng4 18. f3 Ne5 19. Ne2 d5 20. c3 Qb6 21. Qc2 Be6 22. b3 c5 23. Nf4 Nxd3 24. Nxd3 d4 25. cxd4 cxd4 26. Kh2 Rac8 27. Qe2 Rc3 28. Rd2 Bd7 29. Kh1 Bb5 30. Kh2 Qa6 31. Red1 Rdc8 32. Kh1 Qg6 33. Kh2 Qg5 34. f4 Qg6 35. a4 Ba6 36. b4 Bc4 37. Rf1 Qa6 38. Rf3 Qxa4 39. Qf2 Bxd3 40. Rfxd3 Rxd3 41. Rxd3 Qxb4 42. Rxd4 Qc5 43. Qb2 b6 44. Rd7 Rc7 45. Rd5 Qc6 46. Kg1 Qc1+ 47. Qxc1 Rxc1+ 48. Kf2 Rc2+ 49. Ke3 f6 50. e5 Kf7 51. Ke4 a5 52. Rd3 Rc4+ 53. Kd5 Rc5+ 54. Ke4 fxe5 55. fxe5 Rb5 56. Rd7+ Ke6 57. Rxg7 Rb4+ 58. Ke3 Kxe5 59. Rg6 Kf5 60. Rxh6 Rg4 1/2-1/2

[Event "GER-ch U25-B"]
[Site "Willingen"]
[Date "2019.06.11"]
[Round "4"]
[White "Lohrmann, Tabea"]
[Black "Thumm, Felix"]
[Result "1/2-1/2"]
[WhiteElo "1549"]
[BlackElo "1836"]
[PlyCount "81"]
[EventDate "2019.06.08"]
[EventType "swiss"]
[EventRounds "9"]
[EventCountry "GER"]
[SourceTitle "CBM 191 Extra"]
[Source "ChessBase"]
[SourceDate "2019.09.30"]
[SourceVersion "1"]
[SourceVersionDate "2019.09.30"]
[SourceQuality "1"]

1. e4 c5 2. Nf3 e6 3. d4 cxd4 4. Nxd4 a6 5. c4 Nf6 6. Nc3 Qc7 7. Be2 Bb4 8. Qd3 Nc6 9. Nxc6 bxc6 10. 0-0 Bb7 11. Be3 h5 12. h3 c5 13. Bf3 Ng4 14. g3 Ne5 15. Qe2 Nxf3+ 16. Qxf3 Bxc3 17. bxc3 f5 18. Qf4 Qxf4 19. Bxf4 Bxe4 20. Rad1 Rc8 21. Rd6 a5 22. Rfd1 Bc6 23. R1d2 0-0 24. Be3 Ba4 25. Ra6 Rb8 26. Rxa5 Rb1+ 27. Kg2 Bc6+ 28. f3 Rfb8 29. Bxc5 R8b2 30. Rf2 Rxf2+ 31. Kxf2 Rb2+ 32. Ke3 Rh2 33. h4 Rh1 34. Ke2 Rc1 35. Bd4 Rc2+ 36. Ke3 Kf7 37. Ra7 Rg2 38. Be5 Rg1 39. Ke2 Rg2+ 40. Ke3 Rg1 41. Ke2 1/2-1/2

[Event "GER-ch U25-B"]
[Site "Willingen"]
[Date "2019.06.10"]
[Round "3"]
[White "Schwenke, Mia Lisanne"]
[Black "Lohrmann, Tabea"]
[Result "0-1"]
[WhiteElo "1136"]
[BlackElo "1549"]
[PlyCount "132"]
[EventDate "2019.06.08"]
[EventType "swiss"]
[EventRounds "9"]
[EventCountry "GER"]
[SourceTitle "CBM 191 Extra"]
[Source "ChessBase"]
[SourceDate "2019.09.30"]
[SourceVersion "1"]
[SourceVersionDate "2019.09.30"]
[SourceQuality "1"]

1. e4 e5 2. Nf3 Nc6 3. Bc4 Bc5 4. c3 Nf6 5. d4 exd4 6. cxd4 Bb4+ 7. Bd2 Nxe4 8. Bxf7+ Kxf7 9. Qb3+ d5 10. Bxb4 a5 11. Bd2 Rf8 12. 0-0 Kg8 13. Re1 Ra6 14. Qe3 Ne7 15. Nc3 Nf5 16. Qe2 Nxd2 17. Qxd2 Rg6 18. Ne5 Rh6 19. Ne2 b6 20. Qd3 Qh4 21. Qh3 Nxd4 22. Qxh4 Rxh4 23. Rac1 c5 24. Nc3 Rd8 25. g3 Rh5 26. Kg2 Bh3+ 27. Kh1 Rf5 28. f4 g5 29. Rg1 Kf8 30. Rce1 gxf4 31. gxf4 Rxf4 32. Rg5 Rf5 33. Reg1 Rxg5 34. Rxg5 Bf5 35. Nc6 Be4+ 36. Nxe4 Nxc6 37. Rf5+ Ke7 38. Ng3 d4 39. Rf2 Ne5 40. Kg1 Rf8 41. Re2 Kd6 42. Kg2 c4 43. Rd2 d3 44. Ne4+ Kd5 45. Nc3+ Kd4 46. Rd1 Ng4 47. Kg3 Ne3 48. Re1 Nf5+ 49. Kg2 Nd6 50. a4 Rf5 51. Re6 Kc5 52. Re7 h5 53. Rc7+ Kd4 54. Rc6 Ne4 55. Nb5+ Kd5 56. Rxb6 d2 57. Rb8 Rf2+ 58. Kh3 Rf3+ 59. Kg2 Rd3 60. Rd8+ Ke5 61. Rxd3 cxd3 62. Kh3 d1Q 63. Kg2 Qg4+ 64. Kf1 Qf3+ 65. Kg1 Qf2+ 66. Kh1 Qf1# 0-1

[Event "BL2 Sued 1819 (Women)"]
[Site "Germany"]
[Date "2019.01.12"]
[Round "6.5"]
[White "Klotz, Sonja"]
[Black "Lohrmann, Tabea"]
[Result "1-0"]
[WhiteElo "1966"]
[BlackElo "1557"]
[PlyCount "43"]
[EventDate "2018.10.27"]
[EventType "team-tourn"]
[EventRounds "7"]
[EventCountry "GER"]
[SourceTitle "CBM 190 Extra"]
[Source "ChessBase"]
[SourceDate "2019.07.15"]
[SourceVersion "1"]
[SourceVersionDate "2019.07.15"]
[SourceQuality "1"]
[WhiteTeam "Stuttgart Wolfbusch (W)"]
[BlackTeam "Freiburg Zaehringen (W)"]
[WhiteTeamCountry "GER"]
[BlackTeamCountry "GER"]

1. e4 e5 2. Nf3 Nc6 3. Bb5 a6 4. Ba4 Nf6 5. 0-0 Be7 6. Re1 b5 7. Bb3 0-0 8. h3 Bb7 9. d3 h6 10. c3 d6 11. Nbd2 Re8 12. Nf1 Bf8 13. Ng3 Qd7 14. Nh4 d5 15. Qf3 dxe4 16. dxe4 Be7 17. Ngf5 Bf8 18. Nxh6+ gxh6 19. Qxf6 Bg7 20. Qg6 Qe7 21. Nf5 Qf6 22. Bxf7+ 1-0

[Event "GER-ch U18 Girls"]
[Site "Willingen"]
[Date "2018.05.25"]
[Round "8"]
[White "Lohrmann, Tabea"]
[Black "Joers, Pia Milena"]
[Result "1/2-1/2"]
[WhiteElo "1656"]
[BlackElo "1550"]
[PlyCount "45"]
[EventDate "2018.05.19"]
[EventType "swiss"]
[EventRounds "9"]
[EventCountry "GER"]
[SourceTitle "CBM 184 Extra"]
[Source "ChessBase"]
[SourceDate "2018.06.28"]
[SourceVersion "1"]
[SourceVersionDate "2018.06.28"]
[SourceQuality "1"]

1. e4 c5 2. Nf3 Nc6 3. d4 cxd4 4. Nxd4 e5 5. Nb5 d6 6. N1c3 a6 7. Na3 b5 8. Nd5 Nge7 9. Be3 Nxd5 10. Qxd5 Bb7 11. c3 Na5 12. Qd3 d5 13. exd5 Qxd5 14. f3 e4 15. Qxe4+ Qxe4 16. fxe4 Bxa3 17. bxa3 Bxe4 18. Kf2 Rc8 19. Re1 f5 20. Bd4 0-0 21. a4 Nc4 22. axb5 axb5 23. Bxc4+ 1/2-1/2

[Event "GER-ch U18 Girls"]
[Site "Willingen"]
[Date "2018.05.24"]
[Round "7"]
[White "Giede, Anna Blume"]
[Black "Lohrmann, Tabea"]
[Result "1/2-1/2"]
[WhiteElo "1542"]
[BlackElo "1656"]
[PlyCount "43"]
[EventDate "2018.05.19"]
[EventType "swiss"]
[EventRounds "9"]
[EventCountry "GER"]
[SourceTitle "CBM 184 Extra"]
[Source "ChessBase"]
[SourceDate "2018.06.28"]
[SourceVersion "1"]
[SourceVersionDate "2018.06.28"]
[SourceQuality "1"]

1. d4 d5 2. Nf3 Nf6 3. e3 e6 4. Bd3 c5 5. b3 Nc6 6. Bb2 Bd6 7. a3 Qc7 8. Nbd2 0-0 9. dxc5 Bxc5 10. Bxf6 gxf6 11. Nh4 Qe5 12. Qg4+ Qg5 13. Qxg5+ fxg5 14. Nhf3 h6 15. 0-0 f5 16. b4 Bd6 17. c4 dxc4 18. Bxc4 Kg7 19. Rfd1 Ne5 20. Nxe5 Bxe5 21. Rab1 Kf6 22. Nf3 1/2-1/2

[Event "GER-ch U18 Girls"]
[Site "Willingen"]
[Date "2018.05.20"]
[Round "1"]
[White "Lohrmann, Tabea"]
[Black "Ley, Sabrina"]
[Result "0-1"]
[WhiteElo "1656"]
[BlackElo "1929"]
[PlyCount "126"]
[EventDate "2018.05.19"]
[EventType "swiss"]
[EventRounds "9"]
[EventCountry "GER"]
[SourceTitle "CBM 184 Extra"]
[Source "ChessBase"]
[SourceDate "2018.06.28"]
[SourceVersion "1"]
[SourceVersionDate "2018.06.28"]
[SourceQuality "1"]

1. e4 d5 2. exd5 Qxd5 3. Nc3 Qd6 4. d4 Nf6 5. Nf3 a6 6. Be2 b5 7. a3 Bb7 8. Qd3 e6 9. Bg5 Nbd7 10. Qd2 c5 11. Bf4 Qb6 12. dxc5 Bxc5 13. Bg3 0-0 14. 0-0 Rfd8 15. Qg5 h6 16. Qf4 Nh5 17. Qc7 Nxg3 18. Qxg3 Nf6 19. Rad1 Rxd1 20. Rxd1 Rc8 21. Bd3 Bxa3 22. bxa3 Rxc3 23. Qe5 Qc7 24. Qxc7 Rxc7 25. Nd4 Be4 26. f4 Rd7 27. Nb3 Bxd3 28. cxd3 Rc7 29. Rc1 Rxc1+ 30. Nxc1 Nd5 31. g3 Ne3 32. Nb3 Nc2 33. Kf2 Nxa3 34. Ke2 Nb1 35. Kd1 Nc3+ 36. Kc2 Nd5 37. Kd2 Kf8 38. d4 Ke7 39. Kd3 Kf6 40. Ke4 Nc3+ 41. Kd3 Nd5 42. Ke4 Ke7 43. Kd3 Kd6 44. Nc5 Nc7 45. Nb3 Kc6 46. Kc3 Nd5+ 47. Kd3 Kb6 48. Nc5 Nf6 49. Kc3 a5 50. Kb3 Kc6 51. Kc3 Nd5+ 52. Kd3 b4 53. h3 Kb5 54. Nb3 a4 55. Nc5 b3 56. Kd2 b2 57. Kc2 a3 58. Nb3 Kb4 59. Nd2 Ne3+ 60. Kb1 Nc4 61. Ne4 f5 62. Nc5 Nd2+ 63. Ka2 b1Q# 0-1

[Event "GER-chT U20 Girls"]
[Site "Duesseldorf"]
[Date "2017.12.30"]
[Round "7.1"]
[White "Miljkovic, Jovana"]
[Black "Lohrmann, Tabea"]
[Result "1-0"]
[WhiteElo "1869"]
[BlackElo "1638"]
[PlyCount "23"]
[EventDate "2017.12.26"]
[EventType "team-swiss"]
[EventRounds "7"]
[EventCountry "GER"]
[SourceTitle "CBM 182 Extra"]
[Source "ChessBase"]
[SourceDate "2018.02.23"]
[SourceVersion "1"]
[SourceVersionDate "2018.02.23"]
[SourceQuality "1"]
[WhiteTeam "Lingen"]
[BlackTeam "Endingen"]
[WhiteTeamCountry "GER"]
[BlackTeamCountry "GER"]

1. Nf3 Nf6 2. c4 c5 3. Nc3 Ng4 4. h3 Nf6 5. e3 d5 6. cxd5 Nxd5 7. Bc4 Nc7 8. Ne5 e6 9. 0-0 Bd6 10. f4 f6 11. Qh5+ g6 12. Nxg6 1-0

[Event "Wiesbaden op 29th"]
[Site "Wiesbaden"]
[Date "2017.08.25"]
[Round "2"]
[White "Lohrmann, Tabea"]
[Black "Seickel, Ralf"]
[Result "1-0"]
[WhiteElo "1703"]
[BlackElo "2047"]
[PlyCount "67"]
[EventDate "2017.08.24"]
[EventType "swiss"]
[EventRounds "7"]
[EventCountry "GER"]
[SourceTitle "CBM 180 Extra"]
[Source "ChessBase"]
[SourceDate "2017.10.06"]
[SourceVersion "1"]
[SourceVersionDate "2017.10.06"]
[SourceQuality "1"]

1. e4 c5 2. Nf3 d6 3. d4 cxd4 4. Nxd4 Nf6 5. Nc3 a6 6. f3 e6 7. Be3 h5 8. Qd2 b5 9. 0-0-0 b4 10. Nce2 e5 11. Nf5 Bxf5 12. exf5 Nbd7 13. Qxb4 d5 14. Qa4 d4 15. Bg5 Be7 16. f4 Ng4 17. Bxe7 Qxe7 18. Re1 d3 19. Nd4 d2+ 20. Kxd2 0-0 21. fxe5 Qg5+ 22. Kd1 Nf2+ 23. Ke2 Nxh1 24. Qxd7 Rad8 25. Nf3 Qf4 26. Qa7 Qe4+ 27. Qe3 Qxc2+ 28. Nd2 Qxf5 29. Ne4 Qxe5 30. g3 Qxb2+ 31. Kf3 Qxh2 32. Re2 Nxg3 33. Rxh2 Nxf1 34. Nf6+ 1-0

[Event "Wiesbaden op 29th"]
[Site "Wiesbaden"]
[Date "2017.08.24"]
[Round "1"]
[White "Kolker, Vladislav"]
[Black "Lohrmann, Tabea"]
[Result "1-0"]
[WhiteElo "2044"]
[BlackElo "1703"]
[PlyCount "75"]
[EventDate "2017.08.24"]
[EventType "swiss"]
[EventRounds "7"]
[EventCountry "GER"]
[SourceTitle "CBM 180 Extra"]
[Source "ChessBase"]
[SourceDate "2017.10.06"]
[SourceVersion "1"]
[SourceVersionDate "2017.10.06"]
[SourceQuality "1"]

1. e4 e5 2. f4 exf4 3. Nf3 Ne7 4. d4 d5 5. e5 Bg4 6. Bxf4 Nbc6 7. c3 Ng6 8. Bg3 Qd7 9. Bd3 0-0-0 10. Nbd2 Qe6 11. 0-0 Be7 12. b4 f6 13. b5 Nb8 14. Qa4 a6 15. bxa6 Nxa6 16. Rab1 Nb8 17. Qa8 b6 18. Ba6+ Kd7 19. Bb5+ Nc6 20. Qa4 Ra8 21. Qb3 Ra3 22. Qb2 Rha8 23. Ra1 Bf8 24. c4 dxc4 25. Nxc4 R3a7 26. d5 Qe7 27. Bxc6+ Kc8 28. d6 Qf7 29. Bxa8 Qxc4 30. Rfc1 Qa6 31. Bc6 fxe5 32. Nxe5 Be6 33. d7+ Kd8 34. Nxg6 hxg6 35. Bh4+ Be7 36. Qxg7 Bxd7 37. Qxe7+ Kc8 38. Qd8# 1-0

[Event "GER-ch U25-A"]
[Site "Willingen"]
[Date "2017.06.10"]
[Round "9"]
[White "Stockter, Jasper Enno"]
[Black "Lohrmann, Tabea"]
[Result "1/2-1/2"]
[WhiteElo "1572"]
[BlackElo "1690"]
[PlyCount "103"]
[EventDate "2017.06.04"]
[EventType "swiss"]
[EventRounds "9"]
[EventCountry "GER"]
[SourceTitle "CBM 178 Extra"]
[Source "ChessBase"]
[SourceDate "2017.06.22"]
[SourceVersion "1"]
[SourceVersionDate "2017.06.22"]
[SourceQuality "1"]

1. e4 e5 2. Nf3 Nc6 3. d4 exd4 4. Nxd4 Bc5 5. Be3 Qf6 6. Nb5 Bxe3 7. fxe3 Kd8 8. N1c3 a6 9. Nxc7 Qh4+ 10. g3 Qg5 11. Nxa8 Qxe3+ 12. Qe2 Qc5 13. 0-0-0 Nf6 14. Na4 Qe7 15. N8b6 d6 16. Nxc8 Kxc8 17. Nb6+ Kb8 18. Nd5 Qe6 19. Nxf6 Qxf6 20. Qd3 Rd8 21. Qc4 Qf3 22. Bh3 Qf6 23. Kb1 Ne5 24. Qd5 Qe7 25. Rhf1 f6 26. Qe6 Qc7 27. Rd3 Nxd3 28. cxd3 Ka7 29. Rc1 Qb6 30. Qe7 d5 31. Qc7 dxe4 32. Qxb6+ Kxb6 33. dxe4 Rd2 34. a3 Rxh2 35. Bf1 Rf2 36. Bc4 Rd2 37. Rc3 h5 38. Bd5 g5 39. Rb3+ Kc5 40. Bxb7 a5 41. a4 Rg2 42. Ka2 Rg1 43. Bd5 h4 44. gxh4 gxh4 45. Rc3+ Kd4 46. Rh3 Rg4 47. Bb7 Rf4 48. Ka3 Rg4 49. b4 Rg3+ 50. Rxg3 hxg3 51. e5 fxe5 52. bxa5 1/2-1/2

[Event "GER-ch U25-A"]
[Site "Willingen"]
[Date "2017.06.04"]
[Round "2"]
[White "Lohrmann, Tabea"]
[Black "Irkilmez, Yakub"]
[Result "0-1"]
[WhiteElo "1690"]
[BlackElo "1882"]
[PlyCount "88"]
[EventDate "2017.06.04"]
[EventType "swiss"]
[EventRounds "9"]
[EventCountry "GER"]
[SourceTitle "CBM 178 Extra"]
[Source "ChessBase"]
[SourceDate "2017.06.22"]
[SourceVersion "1"]
[SourceVersionDate "2017.06.22"]
[SourceQuality "1"]

1. e4 e6 2. d4 d5 3. exd5 exd5 4. Nf3 Bd6 5. c4 c6 6. Nc3 Nf6 7. c5 Bc7 8. Bd3 Bg4 9. 0-0 0-0 10. Re1 Re8 11. Be2 h6 12. Qd3 Ne4 13. h3 Bf5 14. Qd1 Nd7 15. Be3 Ndf6 16. Nxe4 Nxe4 17. Nd2 Ng5 18. Bg4 Bg6 19. Nf1 f5 20. Be2 f4 21. Bd2 Qf6 22. Bc3 Rxe2 23. Qxe2 f3 24. Qe7 fxg2 25. Qxf6 gxf1Q+ 26. Kxf1 gxf6 27. Re7 Rc8 28. Ree1 Kf7 29. Bd2 Nf3 30. Red1 Nxd4 31. Bxh6 Ne6 32. Be3 Rh8 33. Kg2 Bf5 34. Rh1 d4 35. Bd2 Nxc5 36. h4 Nd3 37. b3 Ne5 38. Rad1 Be4+ 39. Kh2 Nf3+ 40. Kg2 Nxd2+ 41. Kg1 Nf3+ 42. Kf1 Nd2+ 43. Rxd2 Bxh1 44. Rxd4 Ke7 0-1

[Event "GER-chT Lands U20"]
[Site "Hannover"]
[Date "2016.10.02"]
[Round "3.7"]
[White "Koelle, Tobias"]
[Black "Lohrmann, Tabea"]
[Result "1-0"]
[WhiteElo "1853"]
[BlackElo "1704"]
[PlyCount "75"]
[EventDate "2016.10.01"]
[EventType "team-swiss"]
[EventRounds "7"]
[EventCountry "GER"]
[SourceTitle "CBM 174 Extra"]
[Source "ChessBase"]
[SourceDate "2016.10.10"]
[SourceVersion "1"]
[SourceVersionDate "2016.10.10"]
[SourceQuality "1"]
[WhiteTeam "Wuerttemberg"]
[BlackTeam "Baden II"]
[WhiteTeamCountry "GER"]
[BlackTeamCountry "GER"]

1. d4 d5 2. c4 e6 3. Nc3 Nf6 4. cxd5 exd5 5. Bg5 Be7 6. Nf3 Nc6 7. e3 Bf5 8. Be2 Qd7 9. Rc1 Rd8 10. 0-0 0-0 11. Bb5 Bg4 12. Na4 h6 13. Bh4 Qe6 14. Bxc6 bxc6 15. h3 Bf5 16. Ne5 Rd6 17. Nc5 Qc8 18. Nb3 Qa6 19. a3 Re8 20. Nc5 Qb5 21. b4 Nd7 22. Bxe7 Rxe7 23. Ncxd7 Bxd7 24. Rc5 Qb7 25. Qc2 f6 26. Nxd7 Rexd7 27. Rc1 Re6 28. Rxc6 Ree7 29. Qc5 Kf7 30. a4 a6 31. Rb1 Re6 32. Rxe6 Kxe6 33. Rc1 Kf7 34. Qc6 Qc8 35. Rc5 Re7 36. Qxd5+ Ke8 37. Qg8+ Kd7 38. Rd5+ 1-0

[Event "GER-ch U25-A"]
[Site "Willingen"]
[Date "2016.05.21"]
[Round "9"]
[White "Stemmler, Fabian"]
[Black "Lohrmann, Tabea"]
[Result "1-0"]
[WhiteElo "1935"]
[BlackElo "1649"]
[PlyCount "61"]
[EventDate "2016.05.15"]
[EventType "swiss"]
[EventRounds "9"]
[EventCountry "GER"]
[SourceTitle "CBM 172 Extra"]
[Source "ChessBase"]
[SourceDate "2016.06.21"]
[SourceVersion "1"]
[SourceVersionDate "2016.06.21"]
[SourceQuality "1"]

1. e4 e5 2. f4 exf4 3. Nf3 d5 4. exd5 Qxd5 5. Nc3 Qd8 6. d4 Nf6 7. Bxf4 Bb4 8. Bc4 Nc6 9. 0-0 0-0 10. Nb5 Ba5 11. c3 a6 12. Na3 Bf5 13. Ne5 Bg6 14. Nxg6 hxg6 15. Qd3 Ne7 16. Bb3 Bb6 17. Nc4 Ba7 18. Ne5 Nfd5 19. Bd2 Nf5 20. Rxf5 gxf5 21. Qxf5 g6 22. Nxg6 fxg6 23. Qxg6+ Kh8 24. Qh5+ Kg7 25. Bh6+ Kf6 26. Bg5+ Ke6 27. Bxd8 Raxd8 28. Re1+ Kf6 29. Bxd5 c6 30. Re6+ Kg7 31. Rg6# 1-0

[Event "GER-ch U25-A"]
[Site "Willingen"]
[Date "2016.05.19"]
[Round "7"]
[White "Richter, Nils"]
[Black "Lohrmann, Tabea"]
[Result "0-1"]
[WhiteElo "1826"]
[BlackElo "1649"]
[PlyCount "46"]
[EventDate "2016.05.15"]
[EventType "swiss"]
[EventRounds "9"]
[EventCountry "GER"]
[SourceTitle "CBM 172 Extra"]
[Source "ChessBase"]
[SourceDate "2016.06.21"]
[SourceVersion "1"]
[SourceVersionDate "2016.06.21"]
[SourceQuality "1"]

1. e4 e5 2. Nf3 Nc6 3. Bb5 a6 4. Ba4 Nf6 5. 0-0 Be7 6. Re1 b5 7. Bb3 0-0 8. a4 b4 9. c3 d5 10. exd5 Nxd5 11. Nxe5 Nxe5 12. Rxe5 Nf6 13. d4 Bd6 14. Re1 Ng4 15. g3 Nxh2 16. Kxh2 Qh4+ 17. Kg2 Qh3+ 18. Kg1 Bxg3 19. fxg3 Qxg3+ 20. Kh1 Bg4 21. Bd5 Bxd1 22. Rxd1 Qh3+ 23. Kg1 Qg4+ 0-1

[Event "GER-ch U25-A"]
[Site "Willingen"]
[Date "2016.05.17"]
[Round "4"]
[White "Lohrmann, Tabea"]
[Black "Wanner, Lukas"]
[Result "0-1"]
[WhiteElo "1649"]
[BlackElo "2004"]
[PlyCount "116"]
[EventDate "2016.05.15"]
[EventType "swiss"]
[EventRounds "9"]
[EventCountry "GER"]
[SourceTitle "CBM 172 Extra"]
[Source "ChessBase"]
[SourceDate "2016.06.21"]
[SourceVersion "1"]
[SourceVersionDate "2016.06.21"]
[SourceQuality "1"]

1. e4 c5 2. Nf3 g6 3. d4 cxd4 4. Nxd4 Bg7 5. c4 Nc6 6. Nc2 Qb6 7. Nc3 Bxc3+ 8. bxc3 Qa5 9. Bd2 Nf6 10. Bd3 Ne5 11. Qe2 d6 12. 0-0 Be6 13. f4 Nxd3 14. Qxd3 Rc8 15. Rfe1 Bxc4 16. Qf3 0-0 17. e5 dxe5 18. Rxe5 Qc7 19. Nd4 e6 20. Qg3 Qb6 21. Qh4 Nd7 22. Rg5 Rc5 23. Rg3 Bxa2 24. Rf1 Bc4 25. Re1 Qa5 26. f5 exf5 27. Bh6 Re5 28. Rxe5 Qxe5 29. Re3 Qf6 30. Qxf6 Nxf6 31. Bxf8 Kxf8 32. h3 Nd5 33. Rf3 a5 34. Kf2 Ke7 35. Nc2 a4 36. Na3 Ba6 37. Ke1 h5 38. Kd2 Kd6 39. c4 Nf6 40. Kc3 Kc5 41. Rd3 Ne4+ 42. Kb2 Bxc4 43. Nxc4 Kxc4 44. Rd7 f6 45. Rxb7 Kd3 46. Ka3 Ke3 47. Rb2 g5 48. Kxa4 f4 49. Kb3 f3 50. gxf3 Kxf3 51. Kc4 f5 52. Kd4 Kf4 53. Rb3 g4 54. hxg4 hxg4 55. Ra3 g3 56. Ra2 Nf2 57. Ra8 g2 58. Rg8 Ng4 0-1

[Event "GER-ch U25-A"]
[Site "Willingen"]
[Date "2016.05.15"]
[Round "2"]
[White "Lohrmann, Tabea"]
[Black "Wolff, Marie Antoinette"]
[Result "1-0"]
[WhiteElo "1649"]
[BlackElo "1786"]
[PlyCount "63"]
[EventDate "2016.05.15"]
[EventType "swiss"]
[EventRounds "9"]
[EventCountry "GER"]
[SourceTitle "CBM 172 Extra"]
[Source "ChessBase"]
[SourceDate "2016.06.21"]
[SourceVersion "1"]
[SourceVersionDate "2016.06.21"]
[SourceQuality "1"]

1. e4 c5 2. Nf3 Nc6 3. d4 cxd4 4. Nxd4 d6 5. Nc3 g6 6. Be3 Bg7 7. f3 Bd7 8. Qd2 a6 9. 0-0-0 Rc8 10. Kb1 b5 11. g4 Nf6 12. h4 Nxd4 13. Bxd4 0-0 14. h5 Rc6 15. Nd5 e5 16. Be3 Nxd5 17. exd5 Rc8 18. Bd3 Qf6 19. Be4 Qd8 20. hxg6 fxg6 21. Qh2 Rf7 22. Qxh7+ Kf8 23. Bxg6 Rxf3 24. Bh6 Qf6 25. g5 Qxg6 26. Qxg6 Bxh6 27. Rxh6 Bg4 28. Qxd6+ Kg8 29. Qg6+ Kf8 30. d6 Rh3 31. Rxh3 Bxh3 32. Rh1 1-0

[Event "GER-chT U14 Girls"]
[Site "Magdeburg"]
[Date "2015.12.30"]
[Round "7.2"]
[White "Lohrmann, Tabea"]
[Black "Schnabel, Luise"]
[Result "0-1"]
[WhiteElo "1605"]
[BlackElo "1518"]
[PlyCount "29"]
[EventDate "2015.12.27"]
[EventType "team-swiss"]
[EventRounds "7"]
[EventCountry "GER"]
[SourceTitle "EXT 2017"]
[Source "ChessBase"]
[SourceDate "2016.10.25"]
[SourceVersion "1"]
[SourceVersionDate "2016.10.25"]
[SourceQuality "1"]
[WhiteTeam "Sasbach"]
[BlackTeam "Berlin Schachpinguine"]
[WhiteTeamCountry "GER"]
[BlackTeamCountry "GER"]

1. e4 c5 2. Nf3 d6 3. d4 cxd4 4. Nxd4 Nf6 5. Nc3 a6 6. f3 e6 7. Be3 Nbd7 8. Qd2 Qc7 9. 0-0-0 Be7 10. Kb1 0-0 11. g4 Ne5 12. h4 b5 13. h5 b4 14. Na4 Bd7 15. Nb6 0-1

[Event "GER-chT U14 Girls"]
[Site "Magdeburg"]
[Date "2015.12.28"]
[Round "4.2"]
[White "Lohrmann, Tabea"]
[Black "Arnhold, Steffi"]
[Result "0-1"]
[WhiteElo "1605"]
[BlackElo "1579"]
[PlyCount "132"]
[EventDate "2015.12.27"]
[EventType "team-swiss"]
[EventRounds "7"]
[EventCountry "GER"]
[SourceTitle "EXT 2017"]
[Source "ChessBase"]
[SourceDate "2016.10.25"]
[SourceVersion "1"]
[SourceVersionDate "2016.10.25"]
[SourceQuality "1"]
[WhiteTeam "Sasbach"]
[BlackTeam "Dresden Leuben"]
[WhiteTeamCountry "GER"]
[BlackTeamCountry "GER"]

1. e4 c5 2. Nf3 e6 3. d4 cxd4 4. Nxd4 a6 5. Nc3 Qc7 6. Be3 Nf6 7. f3 d6 8. Qd2 Be7 9. 0-0-0 Bd7 10. Kb1 Nc6 11. g4 b5 12. a3 Ne5 13. h4 Nc4 14. Bxc4 bxc4 15. g5 Nh5 16. f4 Rb8 17. Ka1 Ng3 18. Rhg1 Qb7 19. Rb1 Nxe4 20. Qe2 Rc8 21. Nxe4 Qxe4 22. Rbd1 Qb7 23. Bd2 d5 24. Bc3 Qb6 25. Rgf1 a5 26. Rde1 Bb4 27. axb4 axb4 28. Bxb4 Qxb4 29. c3 Qa4+ 30. Kb1 Ra8 31. f5 Qa2+ 32. Kc1 Qa1+ 33. Kd2 Qxb2+ 34. Nc2 Ra2 35. Rc1 d4 36. Qxc4 Qxc3+ 37. Qxc3 dxc3+ 38. Kxc3 exf5 39. Rb1 0-0 40. Rb7 Rc8+ 41. Kd3 Bc6 42. Rb6 Be4+ 43. Ke3 Raxc2 44. Rd1 g6 45. Rd7 R2c7 46. Rd2 Rc3+ 47. Kd4 Rh3 48. Ke5 Kg7 49. Rd7 Re8+ 50. Kd6 Re6+ 51. Kc5 Rxb6 52. Kxb6 Rxh4 53. Kc5 Rg4 54. Rd2 Rxg5 55. Kd4 Bb7 56. Ke3 h5 57. Rh2 Rg4 58. Kd3 f4 59. Rf2 f3 60. Ke3 Rg2 61. Rf1 Re2+ 62. Kf4 Kf6 63. Kg3 Kf5 64. Kh4 Kf4 65. Kh3 Bc8+ 66. Kh4 Rh2# 0-1

[Event "GER-chT U14 Girls"]
[Site "Magdeburg"]
[Date "2015.12.27"]
[Round "2.2"]
[White "Lohrmann, Tabea"]
[Black "Berelowitsch, Dana"]
[Result "1/2-1/2"]
[WhiteElo "1605"]
[BlackElo "1455"]
[PlyCount "95"]
[EventDate "2015.12.27"]
[EventType "team-swiss"]
[EventRounds "7"]
[EventCountry "GER"]
[SourceTitle "EXT 2017"]
[Source "ChessBase"]
[SourceDate "2016.10.25"]
[SourceVersion "1"]
[SourceVersionDate "2016.10.25"]
[SourceQuality "1"]
[WhiteTeam "Sasbach"]
[BlackTeam "Solingen SG"]
[WhiteTeamCountry "GER"]
[BlackTeamCountry "GER"]

1. e4 e5 2. Nf3 Nf6 3. Nxe5 d6 4. Nf3 Nxe4 5. Nc3 Nxc3 6. dxc3 Be7 7. Be3 Be6 8. Qd2 Nc6 9. 0-0-0 Qd7 10. Kb1 0-0-0 11. h4 Kb8 12. Ng5 Bxg5 13. hxg5 Bf5 14. Be2 Rhe8 15. Rhe1 Bg6 16. g4 Ne5 17. Rg1 f5 18. gxf5 Bxf5 19. f4 Ng4 20. Bxg4 Bxg4 21. Rde1 Bf5 22. c4 Qc6 23. Qa5 Bg6 24. Qxa7+ Kc8 25. Qd4 Re4 26. Qd5 Rxc4 27. Qe6+ Kb8 28. Qh3 Bxc2+ 29. Ka1 Qa4 30. Bd2 Rd4 31. Rg2 Be4 32. Rh2 Qc2 33. Qe3 Ra4 34. Rh3 Bd5 35. a3 Qc4 36. Kb1 Qa2+ 37. Kc1 Qa1+ 38. Kc2 Rc4+ 39. Bc3 Qa2 40. Qe7 Rc8 41. Qxg7 Rxf4 42. Qxh7 Rf2+ 43. Bd2 Qc4+ 44. Rc3 Qd4 45. Rd3 Qc4+ 46. Rc3 Qd4 47. Rd3 Qc4+ 48. Rc3 1/2-1/2